[Event "Linares cf"]
[Site "Linares"]
[Date "1987.??.??"]
[Round "3"]
[White "Sokolov, Andrei"]
[Black "Karpov, Anatoly"]
[Result "1/2-1/2"]
[WhiteElo "2645"]
[BlackElo "2710"]
[PlyCount "40"]
[EventDate "1987.02.??"]
[EventType "match"]
[EventRounds "11"]
[EventCountry "ESP"]
[SourceDate "2006.02.01"]

1. e4 c6 2. d4 d5 3. Nc3 dxe4 4. Nxe4 Nd7 5. Nf3 Ngf6 6. Nxf6+ Nxf6 7. Ne5 Be6
8. Be2 g6 9. O-O Bg7 10. c4 O-O 11. Be3 Ne4 12. Qc2 Nd6 13. b3 c5 14. Rad1 Nf5
15. d5 Bxe5 16. dxe6 Qc7 17. exf7+ Rxf7 18. g3 Raf8 19. Bg4 Nxe3 20. fxe3 Rxf1+
1/2-1/2

[Event "Linares cf"]
[Site "Linares"]
[Date "1987.??.??"]
[Round "7"]
[White "Sokolov, Andrei"]
[Black "Karpov, Anatoly"]
[Result "1/2-1/2"]
[WhiteElo "2645"]
[BlackElo "2710"]
[PlyCount "82"]
[EventDate "1987.02.??"]
[EventType "match"]
[EventRounds "11"]
[EventCountry "ESP"]
[SourceDate "2006.02.01"]

1. e4 c6 2. d4 d5 3. Nd2 dxe4 4. Nxe4 Nd7 5. Bc4 Ngf6 6. Ng5 e6 7. Qe2 Nb6 8.
Bd3 h6 9. N5f3 c5 10. dxc5 Bxc5 11. Ne5 Nbd7 12. Ngf3 Qc7 13. O-O O-O 14. Bd2
Bd6 15. Nxd7 Bxd7 16. Rae1 Rfd8 17. Ne5 Bb5 18. Bxb5 Bxe5 19. Qxe5 Qxe5 20.
Rxe5 Rxd2 21. Bd3 Rc8 22. Ree1 b5 23. a3 Nd5 24. Rd1 Rxd1 25. Rxd1 a5 26. g3 b4
27. axb4 Nxb4 28. c3 Nxd3 29. Rxd3 Rb8 30. Rd2 a4 31. Kf1 Rb3 32. Ke2 a3 33.
bxa3 Rxa3 34. Kd3 Kf8 35. Kc4 Ra8 36. Kb3 Rb8+ 37. Kc2 Rc8 38. Rd7 Ke8 39. Rb7
Rc5 40. Rb8+ Ke7 41. Rb7+ Ke8 1/2-1/2

[Event "Linares cf"]
[Site "Linares"]
[Date "1987.??.??"]
[Round "9"]
[White "Sokolov, Andrei"]
[Black "Karpov, Anatoly"]
[Result "1/2-1/2"]
[WhiteElo "2645"]
[BlackElo "2710"]
[PlyCount "149"]
[EventDate "1987.02.??"]
[EventType "match"]
[EventRounds "11"]
[EventCountry "ESP"]
[SourceDate "2006.02.01"]

1. e4 c6 2. d4 d5 3. e5 Bf5 4. Nc3 e6 5. g4 Bg6 6. Nge2 c5 7. h4 h6 8. Be3 Qb6
9. Qd2 Nc6 10. O-O-O h5 11. dxc5 Bxc5 12. Bxc5 Qxc5 13. Nf4 Nge7 14. Nxg6 Nxg6
15. f4 hxg4 16. h5 Nge7 17. Be2 Qa5 18. a3 g3 19. Bg4 b5 20. Rhg1 b4 21. Nb1
bxa3 22. Nxa3 Qxd2+ 23. Rxd2 Rb8 24. Rxg3 g6 25. hxg6 Nxg6 26. f5 Rh1+ 27. Rd1
Rxd1+ 28. Kxd1 exf5 29. Bxf5 Nge7 30. Bh3 Nxe5 31. b3 Rb4 32. Nb1 f5 33. Nc3
Kf7 34. Ne2 Kf6 35. Rc3 Rh4 36. Bg2 Rh2 37. Nf4 d4 38. Rh3 Rxh3 39. Nxh3 N7g6
40. Kd2 Nh4 41. Bb7 Nhf3+ 42. Ke2 d3+ 43. cxd3 Nd4+ 44. Ke3 Nxb3 45. d4 Nd7 46.
Bh1 Nb6 47. Kd3 Nc1+ 48. Kd2 Na2 49. Nf4 Nb4 50. Kc3 a5 51. Kb3 Ke7 52. Ng6+
Ke6 53. Ne5 N4d5 54. Nc6 a4+ 55. Ka3 Nc7 56. Kb4 Kd6 57. Ne5 Ncd5+ 58. Ka3 Ne3
59. Kb4 Nc2+ 60. Kc3 Ne3 61. Kb4 Kc7 62. Nd3 Nec4 63. Bg2 a3 64. Kb3 Ne3 65.
Bh1 Nbc4 66. Ne5 Kd6 67. Nxc4+ Nxc4 68. Bg2 f4 69. Bh1 Ke6 70. Bg2 Kf5 71. Bh1
Kg4 72. d5 Kf5 73. d6 Ke6 74. d7 Kxd7 75. Bd5 1/2-1/2

[Event "Euwe mem"]
[Site "Amsterdam"]
[Date "1987.??.??"]
[Round "?"]
[White "Van der Wiel, John TH"]
[Black "Karpov, Anatoly"]
[Result "1/2-1/2"]
[WhiteElo "2590"]
[BlackElo "2710"]
[PlyCount "60"]
[EventDate "1987.05.??"]
[EventType "tourn"]
[EventRounds "6"]
[EventCountry "NED"]
[EventCategory "16"]
[SourceDate "2006.02.01"]

1. e4 c6 2. d4 d5 3. Nd2 dxe4 4. Nxe4 Nd7 5. Bd3 Ngf6 6. Ng5 e6 7. N1f3 Qc7 8.
Qe2 h6 9. Bg6 hxg5 10. Bxf7+ Kd8 11. Nxg5 Nb6 12. Bxe6 Rxh2 13. O-O Rh5 14. g3
Qe7 15. Re1 Rxg5 16. Bxg5 Bxe6 17. Qxe6 Qxe6 18. Rxe6 Kd7 19. Rae1 Nbd5 20.
Bxf6 Nxf6 21. R6e5 b5 22. c3 a5 23. Kf1 a4 24. a3 Nd5 25. Rf5 Be7 26. Rf7 Rg8
27. Re2 Ke8 28. Rf5 Kd7 29. Rf7 Kd6 30. Kg2 Kd7 1/2-1/2

[Event "Namestovo"]
[Site "Namestovo"]
[Date "1987.??.??"]
[Round "6"]
[White "Blatny, Pavel"]
[Black "Plachetka, Jan"]
[Result "1-0"]
[WhiteElo "2405"]
[BlackElo "2430"]
[PlyCount "83"]
[EventDate "1987.09.??"]
[EventType "tourn"]
[EventRounds "15"]
[EventCountry "CSR"]
[EventCategory "8"]
[SourceDate "2006.02.01"]

1. e4 c6 2. d4 d5 3. e5 Bf5 4. h4 h5 5. c4 e6 6. Nc3 dxc4 7. Bxc4 Nd7 8. Bg5
Be7 9. Qd2 Nb6 10. Bb3 Qd7 11. Nge2 Bb4 12. a3 Ba5 13. Ba2 Nd5 14. b4 Nxc3 15.
Qxc3 Bb6 16. Qg3 Ne7 17. O-O Nd5 18. Rac1 a6 19. Rfd1 f6 20. Bd2 fxe5 21. dxe5
Bg4 22. Bc4 O-O 23. Rf1 Rf7 24. Kh1 Raf8 25. f3 Bf5 26. Rfd1 Qe8 27. Bg5 Ne3
28. Bxe3 Bxe3 29. Rc3 Bb6 30. Rcc1 Rd7 31. Qg5 g6 32. Nf4 Kh7 33. Rd6 Rxd6 34.
exd6 e5 35. Re1 Bd8 36. Qg3 Qd7 37. Rxe5 Qxd6 38. Re6 Qd1+ 39. Kh2 Rf6 40. Re8
Rd6 41. Bg8+ Kh6 42. Be6 1-0

[Event "New York op"]
[Site "New York"]
[Date "1988.??.??"]
[Round "?"]
[White "Sisniega, Marcel"]
[Black "Groszpeter, Attila"]
[Result "0-1"]
[WhiteElo "2410"]
[BlackElo "2495"]
[PlyCount "86"]
[EventDate "1988.03.??"]
[EventType "swiss"]
[EventRounds "9"]
[EventCountry "USA"]
[SourceDate "2006.02.01"]

1. e4 c6 2. d4 d5 3. Nd2 dxe4 4. Nxe4 Nf6 5. Nxf6+ gxf6 6. Bc4 Bf5 7. Ne2 e6 8.
O-O Bd6 9. Bf4 Qc7 10. Bxd6 Qxd6 11. a4 Nd7 12. a5 h5 13. Bd3 Bxd3 14. Qxd3 h4
15. c4 O-O-O 16. a6 b6 17. Qf3 Rdg8 18. Nc3 f5 19. b4 Rg4 20. c5 Qc7 21. cxb6
Nxb6 22. Rfc1 Rhg8 23. Nb5 Rxg2+ 24. Kf1 Qxh2 25. Nxa7+ Kd7 26. Qxc6+ Ke7 27.
Qc7+ Qxc7 28. Rxc7+ Kf6 29. Ra3 Nd5 30. Rc8 Nxb4 31. Rxg8 Rxg8 32. Nb5 Nxa6 33.
Rxa6 h3 34. Nc3 h2 35. Nd5+ Kg5 36. Kg2 exd5 37. Kxh2 Kf4 38. Ra7 f6 39. Ra6
Rg6 40. Kh1 Ke4 41. Ra4 f4 42. Rb4 f3 43. Ra4 Kd3 0-1

[Event "URS-ch U26"]
[Site "Minsk"]
[Date "1990.??.??"]
[Round "?"]
[White "Akopian, Vladimir"]
[Black "Magomedov, Magaram"]
[Result "1-0"]
[WhiteElo "2550"]
[BlackElo "2360"]
[PlyCount "95"]
[EventDate "1990.01.??"]
[EventType "tourn"]
[EventRounds "13"]
[EventCountry "URS"]
[EventCategory "10"]
[SourceDate "2006.02.01"]

1. e4 c6 2. d4 d5 3. Nd2 dxe4 4. Nxe4 Bf5 5. Ng3 Bg6 6. Nf3 Nd7 7. h4 h6 8. h5
Bh7 9. Bd3 Bxd3 10. Qxd3 Qc7 11. Bd2 e6 12. O-O-O O-O-O 13. Qe2 Ngf6 14. Ne5
Nxe5 15. dxe5 Nd5 16. f4 Be7 17. Ne4 Qb6 18. Rh3 c5 19. Rf1 Rhe8 20. Rhf3 Qc7
21. g4 Rh8 22. Be1 Rd7 23. Bg3 Nb4 24. f5 Qc6 25. a3 Nd5 26. fxe6 fxe6 27. Rf7
Rhd8 28. c4 Nb6 29. Nd6+ Kb8 30. Rxe7 Rxe7 31. Bh4 Red7 32. Bxd8 Rxd8 33. Rf7
Nc8 34. Rxb7+ Ka8 35. Rxg7 Nxd6 36. exd6 Rxd6 37. Qf1 Rd8 38. Kb1 Qe4+ 39. Ka1
e5 40. Ka2 Qc6 41. Qf7 Qb6 42. g5 a5 43. Rg8 Rxg8 44. Qxg8+ Ka7 45. Qg7+ Ka8
46. Qxh6 Qc7 47. Qf8+ Kb7 48. g6 1-0

[Event "Baden-Baden"]
[Site "Baden Baden"]
[Date "1992.??.??"]
[Round "11"]
[White "Wahls, Matthias"]
[Black "Karpov, Anatoly"]
[Result "0-1"]
[WhiteElo "2540"]
[BlackElo "2715"]
[PlyCount "74"]
[EventDate "1992.12.??"]
[EventType "tourn"]
[EventRounds "11"]
[EventCountry "GER"]
[EventCategory "14"]
[SourceDate "2006.02.01"]

1. e4 c6 2. d4 d5 3. exd5 cxd5 4. c4 Nf6 5. Nc3 e6 6. Nf3 Bb4 7. cxd5 Nxd5 8.
Bd2 Nc6 9. Bd3 O-O 10. O-O Be7 11. a3 (11. Qc2 Ndb4) 11... Bf6 12. Qe2 Nxc3 $1
$146 13. bxc3 g6 14. Be4 Bd7 15. Rab1 (15. Rfd1 Rc8 16. Bh6 Re8 17. c4 Na5 18.
Rac1 Ba4 $15) 15... b6 16. Ne5 (16. c4 Re8 $1 (16... Rc8 17. d5 exd5 18. cxd5
Nd4 $11) 17. Bc3 Rc8 18. Rfe1 Qc7 19. Bd3 Red8 20. Qe3 Ne7 21. Ne5 Nf5 22. Qh3
Ba4 23. d5 exd5 24. Bxf5 gxf5 25. Qxf5 Bg7 26. Qg4 h5 $14) 16... Rc8 17. f4 Bg7
18. Rbe1 Rc7 19. Rf3 Na5 20. g4 (20. c4 Nxc4 21. Nxc4 Bb5 22. Bd3 Bxc4 23. Bxc4
Qxd4+ $19) 20... Re8 21. Bb1 (21. g5 Bc6 22. Nxc6 Nxc6 23. Qb5 Qd6 $14) (21. f5
exf5 22. gxf5 Bxf5 (22... Bxe5 23. dxe5 Nc4) (22... Bc8 23. Nxf7 Rxf7 24. fxg6
Rxf3 25. gxh7+ Kh8 26. Qxf3 Nc4) 23. Bxf5 gxf5 24. Rxf5 Nc4 25. Qg2 Nxd2 26.
Qxd2 b5 27. Re3 Re6 28. Qd3 Qe8 29. Rh5 h6 30. Rg3 Rce7 31. Ng4 Qc6) 21... Bc8
22. g5 Bb7 23. Rg3 Qd5 24. Kf2 Rec8 25. h4 Nc4 26. Ba2 Ba6 27. Bxc4 Bxc4 28.
Qe3 Ba6 29. h5 Qa2 30. Kg1 gxh5 31. Rh3 Bb7 32. Qe2 Qd5 33. Kh2 (33. Rxh5 Rxc3
$1 34. Bxc3 Rxc3) 33... b5 34. Rg1 Qa2 35. Rc1 Be4 36. Re3 Bf5 37. Be1 Qxa3 {
Hansen,Cu} 0-1

[Event "Moscow"]
[Site "?"]
[Date "1986.??.??"]
[Round "?"]
[White "Beliavsky, Alexander G"]
[Black "Karpov, Anatoly"]
[Result "1/2-1/2"]
[WhiteElo "2585"]
[BlackElo "2705"]
[PlyCount "84"]
[SourceDate "2006.02.01"]

1. e4 c6 2. c4 d5 3. exd5 cxd5 4. cxd5 Nf6 5. Nc3 Nxd5 6. Nf3 Nc6 7. d4 e6 8.
Bd3 Be7 9. O-O O-O 10. Re1 Nf6 11. a3 b6 12. Bg5 Bb7 13. Bc2 Rc8 14. Qd3 g6 15.
Rad1 Nd5 16. Bh6 Re8 17. Ba4 a6 18. Nxd5 Qxd5 19. Qe3 Bf6 20. Bb3 Qd7 $146 (
20... Qh5 21. d5 Nd8 22. d6 Rc5 23. d7 Re7 24. Qf4 Bg7 25. Qb8 $18) 21. d5 exd5
22. Qxb6 Rxe1+ 23. Rxe1 Bxb2 24. Bxd5 Bg7 25. Bxg7 Kxg7 26. h4 (26. Ba2 $142
Nd8 27. Qb2+ f6 28. Qb3 Bxf3 29. Qxf3 Nf7 $14 (29... Qd2 30. Re7+ Kh6 31. Qh3+
Kg5 32. Qg3+)) 26... Qxd5 27. Qxb7 Rb8 28. Qxa6 Rb3 29. Qa4 Rc3 30. Re3 Rc4 31.
Qb3 Nd4 32. Qb2 (32. Nxd4) 32... Kh6 33. Ne5 Rc2 34. Qb8 Kg7 35. h5 Nf5 36. Re1
gxh5 37. Nf3 Qc5 38. Qe5+ Qxe5 39. Rxe5 Rc1+ 40. Kh2 Kf6 41. Rb5 Ra1 42. Rb6+
Kg7 1/2-1/2

[Event "Jacksonville"]
[Site "Biel"]
[Date "1990.??.??"]
[Round "7"]
[White "Yudasin, Leonid"]
[Black "Seirawan, Yasser"]
[Result "0-1"]
[WhiteElo "2605"]
[BlackElo "2575"]
[PlyCount "54"]
[EventDate "1993.07.??"]
[EventType "swiss"]
[EventRounds "13"]
[EventCountry "SUI"]
[SourceDate "2006.02.01"]

1. e4 c6 2. d4 d5 3. e5 Bf5 4. Nc3 e6 5. g4 Bg6 6. Nge2 c5 7. h4 h6 8. h5 Bh7
9. Be3 Nc6 10. dxc5 Nxe5 11. Nd4 Nf6 12. Bb5+ Nfd7 13. f4 a6 14. fxe5 axb5 15.
Ndxb5 Nxc5 16. Qd4 Ne4 17. Qb6 Qxb6 18. Bxb6 Kd7 19. O-O f6 20. Bd4 Be7 21.
Rae1 Rhf8 22. Nxe4 Bxe4 23. a3 Bxc2 24. Rc1 Rac8 25. exf6 gxf6 26. Rf2 Bd3 27.
Nc3 Rc4 0-1